000 00568cab a2200217 4500
001 X1177
008 090401t1993 xxu||||| |||| 00| 0 eng d
035 _a(Sirsi) u15231
041 _aeng
245 _aDivisional response to Cubbon
260 _c1993
350 _a0
490 _aCS Monthly : General Practice
_v3(3) November 1993, 2(1)
650 _aCONSTITUTIONAL REVIEW
650 _aCUBBON REPORT
650 _aGENERAL PRACTICE
650 _aRICS
690 _aMANAGEMENT-BUSINESS MANAGEMENT-PROFESSIONAL PRACTICE
942 _n0
948 _c04/03/1997
999 _c9965
_d9965